Pejsek Tom a jak to začalo /
Pro zvídavé předškoláky a žáky 1. třídy nabízíme obrázkové čtení. V této veselé knížce o štěňátku Tomovi se dozvíte, co všechno čeká na malého pejska v novém domově a jak se s nástrahami vypořádá. Knížka je určena nejmenším čtenářům, proto je text psaný velkým písmem.&...
Uloženo v:
| Série: | Obrázkové čtení,
část 0 |
|---|---|
| Hlavní autor: | |
| Médium: | E-kniha |
| Jazyk: | Czech |
| Vydáno: |
Praha :
Pierot,
2019
|
| Příbuzné jednotky: | Z cyklu::
Obrázkové čtení |
| Tagy: |
Žádné tagy |
| LEADER | 01492nam a22002417i 4500 | ||
|---|---|---|---|
| 001 | 311054 | ||
| 007 | ta | ||
| 008 | 260601s2019 xr ||||| |||| 00| 0 cze d | ||
| 020 | |a 9788073535292 | ||
| 044 | |a xr | ||
| 100 | 1 | |a ing. Šulc, Petr |4 aut | |
| 245 | 1 | 0 | |a Pejsek Tom a jak to začalo / |c ing. Šulc, Petr |
| 264 | 1 | |a Praha : |b Pierot, |c 2019 | |
| 300 | |a 1 online zdroj (40 stran) | ||
| 336 | |a text |b txt |2 rdacontent | ||
| 337 | |a bez média |b n |2 rdamedia | ||
| 338 | |a online zdroj |b cr |2 rdacarrier | ||
| 520 | 2 | |a Pro zvídavé předškoláky a žáky 1. třídy nabízíme obrázkové čtení. V této veselé knížce o štěňátku Tomovi se dozvíte, co všechno čeká na malého pejska v novém domově a jak se s nástrahami vypořádá. Knížka je určena nejmenším čtenářům, proto je text psaný velkým písmem. Vybraná podstatná jména jsou nahrazena obrázky, které mají děti pojmenovat, a doplnit tak maminku či tatínka při čtení příběhu. Publikace jsou vhodné pro děti od 6 let. | |
| 787 | 0 | 8 | |g 0 |i Z cyklu: |t Obrázkové čtení |
| 910 | |a RBIT002 | ||
| 998 | |d 185163 |a https://core.palmknihy.cz/api/books/185163/cover?ps7nxt |b https://core.palmknihy.cz/api/books/185163/cover/400?ps7nxt |c https://core.palmknihy.cz/api/books/185163/cover/50?ps7nxt |e |g 40 |i 9788073535292 |j https://core.palmknihy.cz/api/books/185163/preview.epub |l |q 49 |r 1 |s https://www.palmknihy.cz/kniha/185163 |t ebook |y 2019 |z 1 |v Obrázkové čtení |w 0 | ||
| 999 | |d 311052 | ||